000 00661nam a2200241Ia 4500
003 OSt
005 20221007110451.0
006 a|||||r|||| 00| 0
007 ta
008 221006b |||||||| |||| 00| 0 eng d
024 _a21,191
037 _cTextual
040 _aLCO
_cLCO
_beng
041 _2eng
_aeng
082 _aY11:45, L6
100 _aSirohi J.S.
_9707525
245 0 _aStrategy for Crime Prevention Foreword by Prof. Upendra Baxi
260 _aDelhi
_bUniversity Book House India
_c1976
300 _a280
650 _aCRIME PREVENTION
_9707526
942 _hY11:45, L6
_cTEXL
999 _c1190754
_d1190754